[Event "USCL 2008"]
[Site "ICC INT"]
[Date "2008.09.03"]
[Round "2"]
[White "Galofre,C"]
[Black "Braylovsky,G"]
[Result "1/2-1/2"]
[WhiteElo "2320"]
[BlackElo "2354"]

1.Nf3 c5 2.c4 b6 3.g3 Bb7 4.Bg2 e6 5.O-O Nf6 6.Nc3 Be7 7.d4 cxd4 8.Qxd4 d6
9.Bg5 a6 10.Bxf6 Bxf6 11.Qf4 Ra7 12.Rfd1 Be7 13.Ne4 Bxe4 14.Qxe4 O-O 15.Nd4 Rc7
16.b3 Bf6 17.a4 h6 18.Ra2 Re8 19.Rad2 Qc8 20.e3 Be7 21.Bh3 Bf8 22.Bg2 Nd7
23.Qb1 Nf6 24.h3 Rd8 25.Ne2 Be7 26.Kh2 Qb8 27.Qb2 Rdc8 28.e4 b5 29.cxb5 axb5
30.e5 dxe5 31.Qxe5 bxa4 32.bxa4 Qa7 33.Rd4 Rc5 34.Qe3 Ra5 35.Nc3 Qb8 36.Rb1 Qc7
37.Ne4 Nd5 38.Qb3 Qa7 39.Rbd1 Rb8 40.Qc2 Qb6 41.h4 Ra7 42.Rc4 Qa6 43.Nc5 Bxc5
44.Rxc5 Qxa4 45.Qxa4 Rxa4 46.Bxd5 exd5 47.Rcxd5 Rb2 48.R1d2 Rxd2 49.Rxd2 Kh7
50.Rd7 f5 51.Rd6 Rg4 52.Kh3 Rg6 53.Rd5 Rf6  1/2-1/2

[Event "3rd PGMA Cup"]
[Site "Manila PHI"]
[Date "2008.09.09"]
[Round "5"]
[White "Sadorra,J"]
[Black "Paragua,M"]
[Result "1/2-1/2"]
[WhiteElo "2470"]
[BlackElo "2523"]

1.Nf3 Nf6 2.c4 e6 3.g3 b6 4.Bg2 Bb7 5.O-O c5 6.Nc3 Be7 7.Re1 d5 8.cxd5 Nxd5
9.e4 Nxc3 10.bxc3 Nd7 11.d4 cxd4 12.cxd4 O-O 13.Rb1 Rc8 14.Bf4 a5 15.Bh3 Bb4
16.Re3 Nf6 17.Bg5 Rc3 18.Rxc3 Bxc3 19.Rb3 Qc7 20.Bxf6 gxf6 21.e5 f5 22.Qc1 Rc8
23.Qg5+ Kf8 24.Qh6+ Ke8 25.Bg2 Bxf3 26.Bxf3 Bxd4 27.Kg2 Qc2 28.Bh5 Qxf2+
29.Kh3 Qf1+ 30.Kh4 Qc4 31.Kh3 Bxe5 32.Rb1 Qxa2 33.Rxb6 Ke7 34.Qg5+ Kd7 35.Bxf7 Qa1
36.Bxe6+ Kc7 37.Rb3 Qf1+ 38.Kh4 Kd6 39.Rb6+ Kc7 40.Rb3 Kd6 41.Qh6 Ke7 42.Rb6 Rc4+
43.Bxc4 Qxc4+ 44.Kh3  1/2-1/2

[Event "7th Georgiev - Kesarovski Mem"]
[Site "Sunny Beach BUL"]
[Date "2008.09.09"]
[Round "2"]
[White "Bochev,K"]
[Black "Dimitrov,R"]
[Result "0-1"]
[WhiteElo "2123"]
[BlackElo "2400"]

1.Nf3 Nf6 2.c4 e6 3.g3 b6 4.Bg2 Bb7 5.O-O c5 6.Nc3 Be7 7.d4 cxd4 8.Qxd4 Nc6
9.Qf4 O-O 10.Rd1 d6 11.b3 a6 12.e4 Qc7 13.Ba3 Ne5 14.Qe3 Nfg4 15.Qd2 Rfd8
16.Nd4 Rac8 17.Rac1 Nd7 18.h3 Ngf6 19.Qe3 Qb8 20.Bb2 Qa8 21.Re1 Nc5 22.Re2 Bf8
23.Rce1 e5 24.Nc2 b5 25.Nd5 Ncd7 26.cxb5 Nxd5 27.exd5 Bxd5 28.Bxd5 Qxd5 29.bxa6 Qa5
30.Rd1 d5 31.Qd2 Qxa2 32.Nb4 Bxb4 33.Qxb4 Qxa6 34.Qd2 d4 35.f4 exf4 36.Qxd4 f6
37.Re7 Nf8 38.Qxd8 Rxd8 39.Rxd8 Qb6+ 40.Rd4 Ne6  0-1

[Event "3rd PGMA Cup"]
[Site "Manila PHI"]
[Date "2008.09.10"]
[Round "6"]
[White "Jia Haoxiang"]
[Black "Megaranto,S"]
[Result "1/2-1/2"]
[WhiteElo "2303"]
[BlackElo "2532"]

1.Nf3 Nf6 2.c4 c5 3.g3 b6 4.Bg2 Bb7 5.O-O e6 6.Nc3 Be7 7.Re1 O-O 8.e4 Nc6
9.e5 Ne8 10.d4 cxd4 11.Nxd4 Rc8 12.b3 f6 13.exf6 Nxf6 14.Be3 Na5 15.Bxb7 Nxb7
16.Qe2 Bb4 17.Bd2 Bc5 18.Be3 Qe8 19.Rad1 Bb4 20.Bd2 Qg6 21.Ne4 Bc5 22.Nxf6+ Rxf6
23.Be3 Rcf8 24.Qd3 Qg4 25.Qe2 Qe4 26.Qd3 Qg4 27.Qe2 Qe4 28.Qd3 Qg4 29.Qe2 Qe4  1/2-1/2

[Event "TCh-SRB 1st League"]
[Site "Subotica SRB"]
[Date "2008.09.11"]
[Round "10"]
[White "Drasko,M"]
[Black "Vuckovic,Bo"]
[Result "1/2-1/2"]
[WhiteElo "2508"]
[BlackElo "2563"]

1.Nf3 Nf6 2.c4 c5 3.g3 b6 4.Bg2 Bb7 5.O-O e6 6.Nc3 Be7 7.d4 cxd4 8.Qxd4 d6
9.Bg5 a6 10.Bxf6 Bxf6 11.Qf4 O-O 12.Rfd1 Be7 13.Ne4 Bxe4 14.Qxe4 Ra7 15.Nd4 Rc7
16.b3 Rc5 17.e3 Qc7 18.a4 Re8 19.Rd2 Bf8 20.Rad1 Nd7 21.Qg4  1/2-1/2

[Event "4th ch-EU"]
[Site "Liverpool ENG"]
[Date "2008.09.12"]
[Round "4"]
[White "McCarthy,Ji"]
[Black "Naslund,M"]
[Result "1/2-1/2"]
[WhiteElo "2084"]
[BlackElo "2243"]

1.Nf3 Nf6 2.c4 b6 3.g3 c5 4.Bg2 Bb7 5.O-O e6 6.Nc3 Be7 7.Re1 d5 8.d4 O-O
9.cxd5 exd5 10.Bg5 h6 11.Bf4 Nc6 12.Rc1 Ne4 13.dxc5 Bxc5 14.Nxe4 dxe4 15.Ne5 Nxe5
16.Bxe5 Re8 17.Bc3 Qe7 18.e3 Rad8 19.Qg4 Qg5  1/2-1/2

[Event "TCh-SRB 1st League w"]
[Site "Subotica SRB"]
[Date "2008.09.12"]
[Round "10"]
[White "Vojinovic,J"]
[Black "Bjeloglav,M"]
[Result "1-0"]
[WhiteElo "2289"]
[BlackElo "1997"]

1.Nf3 Nf6 2.g3 b6 3.Bg2 Bb7 4.O-O c5 5.c4 e6 6.b3 Be7 7.Bb2 d6 8.e3 O-O 9.Qe2 Nbd7
10.Nc3 Rc8 11.Rfd1 Qc7 12.Rac1 Qb8 13.d4 Qa8 14.Ne1 Ne4 15.d5 Nxc3 16.Bxc3 e5
17.Bh3 Rcd8 18.f4 exf4 19.Bxd7 fxg3 20.hxg3  1-0

[Event "3rd XtraCon EMT"]
[Site "Borup DEN"]
[Date "2008.09.14"]
[Round "9"]
[White "De Verdier,M"]
[Black "Krogh,P"]
[Result "1-0"]
[WhiteElo "2222"]
[BlackElo "1989"]

1.Nf3 Nf6 2.c4 b6 3.g3 Bb7 4.Bg2 c5 5.O-O e6 6.Nc3 Ne4 7.Nxe4 Bxe4 8.d4 f5
9.d5 exd5 10.cxd5 Be7 11.Bh3 Bxf3 12.exf3 O-O 13.d6  1-0

[Event "EYb18"]
[Site "Herceg Novi MNE"]
[Date "2008.09.15"]
[Round "1"]
[White "Tereick,B"]
[Black "Nitelea,B"]
[Result "1-0"]
[WhiteElo "2382"]
[BlackElo "2066"]

1.Nf3 c5 2.c4 Nf6 3.g3 b6 4.Bg2 Bb7 5.O-O e6 6.Nc3 a6 7.b3 Be7 8.Bb2 O-O
9.e3 Qc7 10.d4 cxd4 11.Nxd4 Bxg2 12.Kxg2 Qb7+ 13.Qf3 Qxf3+ 14.Nxf3 Nc6 15.e4 d6
16.Rfd1 Rab8 17.Ba3 Rfd8 18.e5 Ne8 19.Rac1 Kf8 20.exd6 Bxd6 21.Rxd6 Rxd6
22.Ne4 Ke7 23.Rd1 Rd8 24.Nxd6 Nxd6 25.Ng5 Na5 26.Rxd6 Rxd6 27.Nxf7 Kxf7 28.Bxd6 b5
29.Bc7 Nc6 30.cxb5 axb5 31.a4 bxa4 32.bxa4 Ke7 33.a5 Kd7 34.Bb6 Nb4 35.Kf3 Kd6
36.Ke4 Na6 37.Bd4 g6 38.Kf4 Ke7 39.Kg5 Kf7 40.Kh6 Kg8 41.Be5 Nc5 42.Bd6 Na6
43.Kg5 Kf7 44.Kf4 Ke8 45.Ke5 Kd7 46.f4  1-0

[Event "EYb12"]
[Site "Herceg Novi MNE"]
[Date "2008.09.16"]
[Round "2"]
[White "Zaynutdinov,I"]
[Black "Sanzhaev,D"]
[Result "1/2-1/2"]
[WhiteElo "1851"]
[BlackElo "2064"]

1.Nf3 Nf6 2.c4 b6 3.g3 Bb7 4.Bg2 c5 5.O-O e6 6.b3 Be7 7.Bb2 O-O 8.d4 cxd4
9.Nxd4 Bxg2 10.Kxg2 d5 11.cxd5 Qxd5+ 12.Kg1 Rd8 13.Nd2 Nbd7 14.Rc1 Rac8 15.N2f3 Nc5
16.Qc2 Qb7 17.Rfd1 Nce4 18.Qb1 Bc5 19.a3 a5 20.h3 Rd5 21.b4 axb4 22.axb4 Bxb4
23.Nxe6 Rxc1 24.Rxc1 fxe6 25.Bxf6 Bf8 26.Bd4 Nc5 27.h4 Qa6 28.Ng5 g6 29.Bxc5 bxc5
30.Qe4 Rd6 31.h5 Qc6 32.hxg6 h6 33.Qf4 Qb7 34.Nh7 Qe7 35.Rxc5 Rd1+ 36.Kh2 Qxc5
37.Qf7+ Kh8 38.Ng5 Bg7 39.Qxg7+ Kxg7 40.Nxe6+ Kxg6 41.Nxc5 Rd2 42.Nd3 Kf5
43.Nf4 Kg4 44.Kg2 Ra2 45.f3+ Kg5 46.Kh3 h5 47.Kg2 Rb2  1/2-1/2

[Event "4th ch-EU"]
[Site "Liverpool ENG"]
[Date "2008.09.16"]
[Round "8"]
[White "Carlsson,P"]
[Black "Spoelman,W"]
[Result "1/2-1/2"]
[WhiteElo "2514"]
[BlackElo "2448"]

1.Nf3 Nf6 2.c4 b6 3.g3 Bb7 4.Bg2 c5 5.O-O e6 6.Nc3 Be7 7.d4 cxd4 8.Qxd4 Nc6
9.Qf4 O-O 10.Rd1 Bb4 11.Bd2 Qe7 12.Qh4 Rac8 13.a3 Bd6 14.Bg5 Na5 15.Bxf6 gxf6
16.Rxd6 Qxd6 17.Qxf6 Bxf3 18.Qg5+ Kh8 19.Qf6+ Kg8 20.Qg5+ Kh8 21.Qf6+ Kg8
22.Bxf3 Nxc4 23.Qg5+ Kh8 24.Qf6+ Kg8 25.Qg5+ Kh8 26.Qf6+ Kg8  1/2-1/2

[Event "EYb18"]
[Site "Herceg Novi MNE"]
[Date "2008.09.19"]
[Round "5"]
[White "Kopylov,Al2"]
[Black "Benidze,D"]
[Result "1/2-1/2"]
[WhiteElo "2421"]
[BlackElo "2389"]

1.Nf3 Nf6 2.c4 c5 3.g3 b6 4.Bg2 Bb7 5.O-O e6 6.Nc3 Be7 7.d4 cxd4 8.Qxd4 Nc6
9.Qf4 O-O 10.Rd1 Qb8 11.b3 Rd8 12.Bb2 Qxf4 13.gxf4 Na5 14.Ng5 h6 15.Nge4 Nxe4
16.Bxe4 Bxe4 17.Nxe4 Nb7 18.Rd2 f5 19.Nc3 Kf7 20.Rad1 d6 21.Ba3 a6 22.e4 g6
23.f3 Nc5 24.b4 Nd7 25.b5 axb5 26.Nxb5 Nc5 27.Rd4 fxe4 28.fxe4 g5 29.e5 dxe5
30.Rxd8 Bxd8 31.Bxc5 bxc5 32.fxe5 Ke7 33.a3 Ra4 34.Rc1 Ra8 35.Kf2 Ba5 36.Ke3 Rd8
37.Rb1 Bd2+ 38.Ke4 Bf4 39.Nd6 Bxh2 40.Rh1 Bxe5 41.Kxe5  1/2-1/2

[Event "EYb18"]
[Site "Herceg Novi MNE"]
[Date "2008.09.19"]
[Round "5"]
[White "Stupak,K"]
[Black "Volodin,Alek"]
[Result "1-0"]
[WhiteElo "2458"]
[BlackElo "2397"]

1.Nf3 Nf6 2.c4 c5 3.g3 b6 4.Bg2 Bb7 5.O-O e6 6.Nc3 Be7 7.d4 cxd4 8.Qxd4 O-O
9.Bf4 d6 10.Qd2 Qc8 11.Rfd1 Rd8 12.Rac1 Na6 13.Qe1 Nc5 14.Bh3 Qc6 15.b4 Nce4
16.Nd4 Qe8 17.Ncb5 e5 18.Nc7 Qf8 19.Nxa8 Bxa8 20.f3 exf4 21.gxf4 d5 22.fxe4 Bxb4
23.Qf1 Nxe4 24.cxd5 Bxd5 25.Nb3 Nc3 26.Rd3 Nxa2 27.Rc2 Nc3 28.Rcxc3 Bxc3
29.Rxc3 Qb4 30.Rd3 Rd6 31.Qc1 h6 32.Nd4 Rg6+ 33.Kf2 Be4 34.Qd2 Qe7 35.Rg3 Qh4
36.Qe3 Rf6 37.f5 Rd6 38.Nf3 Bxf3 39.Qxf3 a5 40.Qe3 Qf6 41.Qc3 Rd4 42.e3 Rd6
43.Qxf6 Rxf6 44.e4 Rc6 45.Bf1 Rc2+ 46.Be2 b5 47.Ra3 a4 48.Ke3 Rb2 49.e5 Kf8
50.Rc3 b4 51.Rc8+ Ke7 52.Bb5  1-0

[Event "Autumn-3"]
[Site "Alushta UKR"]
[Date "2008.09.22"]
[Round "11"]
[White "Harutjunyan,G"]
[Black "Kutynec,V"]
[Result "1-0"]
[WhiteElo "2441"]
[BlackElo "2281"]

1.Nf3 Nf6 2.g3 b6 3.Bg2 Bb7 4.c4 c5 5.O-O e6 6.Nc3 Be7 7.d4 cxd4 8.Qxd4 d6
9.b3 O-O 10.Bb2 a6 11.Rfd1 Qc7 12.Rac1 Rd8 13.e4 Nbd7 14.Qe3 Rac8 15.Nd4 Qb8
16.h3 Qa8 17.Kh2 Nc5 18.Re1 Re8 19.f4 Bd8 20.b4 Ncd7 21.Qd3 Bc7 22.Nb3 Nf8
23.Rc2 Ng6 24.Rf2 h5 25.Kh1 h4 26.Bc1 e5 27.f5 hxg3 28.Qxg3 Nf4 29.Bf3 Kh8
30.Rg1 Rg8 31.Bxf4 exf4 32.Qh4+ Nh7 33.Rg5 g6 34.fxg6 fxg6 35.Qh6 b5 36.c5  1-0

[Event "Podillya It"]
[Site "Khmelnitsky UKR"]
[Date "2008.09.28"]
[Round "2"]
[White "Harutjunyan,G"]
[Black "Ivanov,VA UKR"]
[Result "1-0"]
[WhiteElo "2441"]
[BlackElo "2148"]

1.Nf3 Nf6 2.g3 b6 3.Bg2 Bb7 4.c4 c5 5.O-O e6 6.Nc3 Be7 7.d4 cxd4 8.Qxd4 d6
9.Rd1 a6 10.b3 Nbd7 11.Bb2 O-O 12.Qf4 Qb8 13.a4 d5 14.cxd5 Qxf4 15.gxf4 Nxd5
16.Nxd5 exd5 17.Ne5 Nf6 18.Rac1 Rac8 19.Bh3 Rxc1 20.Rxc1 Bc5 21.b4 Bxb4 22.Rc7 Ba8
23.Nxf7 Re8 24.Ng5 Re7 25.Rc8+ Re8 26.Bxf6 Rxc8 27.Be6+ Kh8 28.Nf7+ Kg8 29.Ne5+ Kh8
30.Bxg7+ Kxg7 31.Bxc8 a5 32.Ba6 d4 33.Nd7 Bc6 34.Nxb6 Bc5 35.Nc4 Bxa4 36.Nxa5 Bb4
37.Nc4 Bb3 38.Ne5 Bd5 39.Bc4 Be4 40.Bd3 Bd5 41.e4 Bb3 42.Kg2 Bd6 43.Kg3 h5
44.Nf3 Bc5 45.f5 Bd1 46.e5 Bxf3 47.Kxf3 Kf7 48.Ke4 Ba7 49.f6 Bb6 50.Kf5 Ba5
51.e6+ Kf8 52.e7+ Kf7 53.Bb5  1-0

[Event "Autumn-5"]
[Site "Alushta UKR"]
[Date "2008.09.30"]
[Round "6"]
[White "Kutynec,V"]
[Black "Nosov,A"]
[Result "1/2-1/2"]
[WhiteElo "2281"]
[BlackElo "2372"]

1.Nf3 Nf6 2.c4 e6 3.g3 b6 4.Bg2 Bb7 5.O-O c5 6.Nc3 Be7 7.d4 cxd4 8.Qxd4 d6
9.Rd1 a6 10.b3 Nbd7 11.e4 Qc7 12.Ba3 Nc5 13.e5 dxe5 14.Qxe5 Rc8 15.Qxc7 Rxc7
16.Bxc5 Bxc5 17.Ne5 Bxg2 18.Kxg2 Nd7 19.Nd3 Bd4 20.Rac1 Ke7 21.Ne2 Bc5 22.f4 Rhc8
23.Nxc5 Rxc5 24.a4 b5 25.cxb5 axb5 26.axb5 Rxc1 27.Rxc1 Rxc1 28.Nxc1 Kd6
29.Nd3 Kc7 30.Nb2 Kb6 31.Nc4+ Kxb5 32.Nd6+ Kb4 33.Nxf7 Kxb3 34.Ng5 Nf8 35.Kf3 Kc4
36.Ke4 h6 37.Nf7 Kc5 38.Ke5 Kc6  1/2-1/2

[Event "Podillya It"]
[Site "Khmelnitsky UKR"]
[Date "2008.10.02"]
[Round "10"]
[White "Harutjunyan,G"]
[Black "Soltanici,R"]
[Result "1-0"]
[WhiteElo "2441"]
[BlackElo "2421"]

1.Nf3 Nf6 2.g3 b6 3.Bg2 Bb7 4.O-O c5 5.c4 e6 6.Nc3 Be7 7.Re1 d6 8.e4 a6 9.d4 cxd4
10.Nxd4 Qc7 11.Be3 Nbd7 12.f4 O-O 13.Rc1 Rac8 14.g4 Nc5 15.Bf2 g6 16.b4 Ncd7
17.g5 Nh5 18.Qg4 Qd8 19.Nd5 exd5 20.exd5 Nxf4 21.Qxf4 Ne5 22.h4 Nd3 23.Qe3 Nxc1
24.Qxe7 Qxe7 25.Rxe7 Ba8 26.Nc6 Nxa2 27.Bxb6 Nxb4 28.Nxb4 Rxc4 29.Nc6 Rxh4
30.Bc7 Rg4 31.Bxd6 Rxg5 32.Re3 Rd8 33.Nxd8 Bxd5 34.Re8+ Kg7 35.Bf8+  1-0

[Event "1st WMSG Blitz Ind w"]
[Site "Beijing CHN"]
[Date "2008.10.04"]
[Round "3"]
[White "Gomes,Mary"]
[Black "Tagnon,N"]
[Result "1-0"]
[WhiteElo "2298"]
[BlackElo "1956"]

1.Nf3 c5 2.c4 b6 3.g3 Bb7 4.Bg2 e6 5.O-O Nf6 6.b3 d6 7.Bb2 Be7 8.Nc3 a6 9.Re1 O-O
10.e4 Nbd7 11.d4 cxd4 12.Nxd4 Qc7 13.Rc1 Rac8 14.f4 Qb8 15.Kh1 Rfe8 16.g4 g6
17.f5 Bf8 18.fxe6 fxe6 19.g5 Nh5 20.Rf1 Bg7 21.Nde2 Rf8 22.Qd2 Ne5 23.Rcd1 d5
24.cxd5 Ng4 25.d6 Be5 26.Ng3 Nxg3+ 27.hxg3 Bxg3 28.Ne2 Be5 29.Bxe5 Nxe5 30.Qd4 Nf7
31.e5 Nxg5 32.d7 Bxg2+ 33.Kxg2 Qb7+ 34.Kg3 Rcd8 35.Rxf8+ Rxf8 36.Qe3 Nf7
37.Nf4 Rd8 38.Nxe6 Rxd7 39.Rxd7 Qxd7 40.Nf4 Qf5 41.e6 Qg5+ 42.Kf2 Ne5 43.Ke2 Qg4+
44.Kd2 Qf5 45.e7 Qd7+ 46.Kc3 Qxe7 47.Qe4 Qc7+ 48.Kb2 Qc6 49.Nd5 Qf6 50.Nxf6+  1-0

[Event "1st WMSG Blitz Ind w"]
[Site "Beijing CHN"]
[Date "2008.10.04"]
[Round "6"]
[White "Hernandez Guerrero,Y"]
[Black "Tagnon,N"]
[Result "1-0"]
[WhiteElo "2228"]
[BlackElo "1956"]

1.Nf3 c5 2.g3 b6 3.Bg2 Bb7 4.O-O e6 5.c4 Nf6 6.Nc3 a6 7.b3 Qc7 8.Bb2 d6 9.d4 cxd4
10.Nxd4 Bxg2 11.Kxg2 Nbd7 12.Rc1 Be7 13.Qd2 O-O 14.Rfd1 Nc5 15.f3 Rad8 16.Qe3 Qb7
17.h3 d5 18.cxd5 Nxd5 19.Nxd5 Rxd5 20.Nc2 Rfd8 21.Rxd5 Qxd5 22.Nb4 Qd2 23.Qxd2 Rxd2
24.Rc2 Rd1 25.Nc6 Bd6 26.Be5 Bxe5 27.Nxe5 f6 28.Nc6 Kf7 29.h4 e5 30.Kf2 Ke6
31.b4 Nb7 32.Nb8 a5 33.Rc6+ Rd6 34.b5 Nc5 35.Rc8 Na4 36.Nc6 Nc3 37.a4 Nxa4
38.Rb8 Kd5 39.e4+ Kc5 40.Na7 Rd2+ 41.Ke3 Rb2 42.Rc8+ Kb4 43.Rc6 Rb3+ 44.Ke2 Rb2+
45.Ke3 Rg2 46.g4 Rh2 47.h5 Rb2 48.h6 gxh6 49.Rxf6 Nc5 50.Rxb6 Rb3+ 51.Kf2 Nd3+
52.Kg3 Nf4 53.Rxh6 Rb2 54.Nc6+ Kxb5 55.Nxe5 Ne2+ 56.Kh4 a4 57.Rxh7 a3 58.Rb7+ Ka4
59.Ra7+ Kb3 60.g5 a2 61.Nd3 Rb1 62.Nc5+ Kb2 63.Nd3+ Kc2 64.Rxa2+ Kxd3 65.Ra3+ Kd4
66.Ra5 Rh1+ 67.Kg4 Rf1 68.Rd5+ Kc4 69.g6 Nd4 70.Kf4  1-0

[Event "1st WMSG Rapid Ind w"]
[Site "Beijing CHN"]
[Date "2008.10.05"]
[Round "3"]
[White "Gomes,Mary"]
[Black "Tagnon,N"]
[Result "1-0"]
[WhiteElo "2298"]
[BlackElo "1956"]

1.Nf3 c5 2.c4 b6 3.g3 Bb7 4.Bg2 e6 5.O-O Nf6 6.b3 Be7 7.Bb2 d6 8.Nc3 a6 9.Re1 Qc7
10.e4 Nbd7 11.d4 cxd4 12.Nxd4 O-O 13.Rc1 Rac8 14.f4 Qb8 15.f5 e5 16.Nc2 Ba8
17.a4 Nc5 18.Nb4 Bb7 19.Rb1 Qa8 20.Qc2 a5 21.Nbd5 Nxd5 22.exd5 Nd7 23.Bc1 Nf6
24.Be3 Bd8 25.h3 Qb8 26.Qf2 Ba6 27.Bf1 h6 28.g4 Nd7 29.Ne4 Nc5 30.Bxc5 bxc5
31.f6 g6 32.Qh4  1-0

[Event "1st WMSG Rapid Pair"]
[Site "Beijing CHN"]
[Date "2008.10.10"]
[Round "7"]
[White "Nyback,T"]
[Black "Adianto,U"]
[Result "0-1"]
[WhiteElo "2634"]
[BlackElo "2554"]

1.Nf3 Nf6 2.c4 e6 3.g3 b6 4.Bg2 Bb7 5.O-O c5 6.Nc3 Be7 7.Re1 O-O 8.e4 Nc6
9.d4 cxd4 10.Nxd4 Nxd4 11.Qxd4 Bc5 12.Qd1 e5 13.Be3 Bb4 14.Qb3 Qe7 15.a3 Bxc3
16.Qxc3 d6 17.Qd3 Rac8 18.Rad1 Rfd8 19.b3 h6 20.f4 Bc6 21.Bd2 Qb7 22.Bc3 b5
23.c5 dxc5 24.Qxd8+ Rxd8 25.Rxd8+ Kh7 26.Bxe5 c4 27.Bh3 Bxe4 28.b4 Qb6+ 29.Rd4 Bb7
30.Re2 h5 31.Kf1 Ng4 32.Rd6 Bc6 33.Bxg4 hxg4 34.f5 Qb7 35.f6 Bf3 36.Re3 gxf6
37.Bxf6 Bh1 38.Rd2 Qb6 39.Bd4 Qg6 40.Re5 Bc6 41.Ke1 Qb1+ 42.Kf2 f6 43.Rc5 Qh1
44.Bxf6 Qf3+ 45.Ke1 Qxf6 46.Rf2 Qc3+  0-1

[Event "Chigorin Memorial"]
[Site "St Petersburg RUS"]
[Date "2008.10.10"]
[Round "8"]
[White "Kaganskiy,G"]
[Black "Smirnov,Arte"]
[Result "1-0"]
[WhiteElo "2330"]
[BlackElo "2460"]

1.Nf3 Nf6 2.c4 b6 3.g3 Bb7 4.Bg2 c5 5.O-O e6 6.Nc3 Be7 7.Re1 d5 8.cxd5 exd5
9.d4 O-O 10.Bg5 Na6 11.Rc1 Re8 12.Qa4 Nc7 13.dxc5 bxc5 14.Ne5 Ne6 15.Bxf6 Bxf6
16.Qd7 Re7 17.Qxd8+ Rxd8 18.Ng4 Bxc3 19.bxc3 h5 20.Ne5 f6 21.Ng6 Rc7 22.Bf3 Kh7
23.Bxh5 Kh6 24.Bg4 Kxg6 25.Bxe6 f5 26.g4 f4 27.e3 Kg5 28.h4+ Kxh4 29.exf4 Bc8
30.Kg2 Bxe6 31.f3  1-0

[Event "24th ECC"]
[Site "Kallithea GRE"]
[Date "2008.10.17"]
[Round "1"]
[White "Argandona Riveiro,I"]
[Black "Rubio Nevado,P"]
[Result "1-0"]
[WhiteElo "2385"]
[BlackElo "2083"]

1.Nf3 Nf6 2.c4 e6 3.g3 b6 4.Bg2 Bb7 5.O-O c5 6.Nc3 Be7 7.d4 d6 8.d5 exd5
9.cxd5 O-O 10.Nd2 Nbd7 11.a4 a6 12.Nc4 Re8 13.f4 Bf8 14.Re1 Rb8 15.e4 g6
16.g4 h5 17.g5 Nh7 18.Be3 Ba8 19.Na3 Bg7 20.Qd3 Bb7 21.Nc4 Bf8 22.Bf2 Bc8
23.h4 b5 24.axb5 axb5 25.Na5 c4 26.Qd4 Qc7 27.Qa7 Qxa7 28.Bxa7 Ra8 29.Nxb5 Ba6
30.Nc7 Rxa7 31.Nxe8 Nc5 32.Nxc4 Nd3 33.Re3 Nxf4 34.Ncxd6  1-0

[Event "TCh-BEL 2008-9"]
[Site "Belgium BEL"]
[Date "2008.10.19"]
[Round "2"]
[White "Kern,G"]
[Black "Deleyn,G"]
[Result "1/2-1/2"]
[WhiteElo "2361"]
[BlackElo "2296"]

1.Nf3 Nf6 2.g3 b6 3.Bg2 Bb7 4.c4 c5 5.O-O e6 6.Nc3 Be7 7.d4 cxd4 8.Qxd4 d6
9.Bg5 a6 10.Bxf6 Bxf6 11.Qf4 Be7 12.Rfd1 O-O 13.Ne4 Bxe4 14.Qxe4 Ra7 15.Nd4 Qc8
16.b3 Re8 17.Rac1 Rc7 18.Qb1 Bf8 19.e3 Nd7 20.a4 Nf6 21.Rc2 Rd8 22.Rdc1 Qd7
23.Rd1 Qc8 24.Rdc1 Qd7 25.Qa2 d5 26.cxd5 Rxc2 27.Qxc2 Nxd5 28.Bxd5 Qxd5 29.Nc6 Rd6
30.Nb4 Qa8 31.Nc6 a5 32.Ne5 Qd8 33.Nc4 Rd5 34.Kg2 g6 35.h4 Bc5 36.Qe4 h5
37.Ne5 Kg7 38.Nc4 Qd7 39.Rc3 f6 40.Qf3 Rd1 41.Nb2 Rd2 42.Nc4 Rd1 43.Qe4 Qd5
44.Qxd5 Rxd5 45.Kf3 Bb4 46.Rc2 b5 47.Nb6 Rf5+ 48.Ke2 bxa4 49.bxa4 g5 50.Rc6 Kf7
51.Nc4 gxh4 52.gxh4 Rd5 53.f4 Ke7 54.Ra6 Rc5 55.Ra7+ Kf8 56.Kd3 Rd5+ 57.Ke2 Rc5
58.Kd3 Rd5+  1/2-1/2

[Event "LiraH Autumn"]
[Site "Lichtenrade GER"]
[Date "2008.10.19"]
[Round "2"]
[White "Kiesekamp,M"]
[Black "Muehlhan,K"]
[Result "1-0"]
[WhiteElo "2338"]
[BlackElo "1988"]

1.Nf3 c5 2.c4 e6 3.g3 b6 4.Bg2 Bb7 5.O-O Nf6 6.Nc3 a6 7.Re1 Qc7 8.e4 d6 9.d4 cxd4
10.Nxd4 Nbd7 11.b3 Be7 12.Bb2 O-O 13.Rc1 Rac8 14.Rc2 Qb8 15.Rd2 Rfd8 16.f4 g6
17.e5 Nh5 18.Bxb7 Qxb7 19.exd6 Bf8 20.Ne4 Nc5 21.Nxc5 bxc5 22.Nf3 Rc6 23.d7 Rc7
24.Ne5 f6 25.Qg4 Ng7 26.Nxg6 hxg6 27.Bxf6 Rcxd7 28.Rde2 Re8 29.Qxg6 Rf7 30.Re5 Qd7
31.f5 Rxf6 32.Qxf6 exf5 33.Rxe8 Nxe8 34.Qe6+ Qxe6 35.Rxe6 Nd6 36.Kg2 a5 37.Re5 Ne4
38.Rxf5 Nc3 39.a4 Ne2 40.Rf6 Nd4 41.Rb6 Kf7 42.g4 Be7 43.Kg3 Bd8 44.Rb7+ Ke6
45.Kf4 Ne2+ 46.Ke3 Nd4 47.Ke4 Kd6 48.Rh7 Nxb3 49.Rh6+ Kd7 50.Kd5 Bg5 51.Rh7+ Ke8
52.h4 Be3 53.Ra7 Bf2 54.h5 Be3 55.Ke6 Nd4+ 56.Kf6 Nc6 57.Ra8+ Kd7 58.g5 Bd4+
59.Kf5 Kd6 60.h6 Ne7+ 61.Ke4 Ke6 62.Rxa5 Nf5 63.Ra6+ Nd6+ 64.Rxd6+ Kxd6 65.g6 Ke6
66.g7  1-0

[Event "24th ECC"]
[Site "Kallithea GRE"]
[Date "2008.10.20"]
[Round "4"]
[White "Schulz,KJ"]
[Black "Anastasian,A"]
[Result "1/2-1/2"]
[WhiteElo "2379"]
[BlackElo "2565"]

1.c4 Nf6 2.Nf3 e6 3.g3 b6 4.Bg2 Bb7 5.O-O c5 6.Nc3 Be7 7.d4 cxd4 8.Qxd4 O-O
9.Rd1 Na6 10.Bf4 Nc5 11.Bd6 Bxd6 12.Qxd6 Rc8 13.Rac1 Nce4 14.Nxe4 Bxe4 15.Ne5 Bxg2
16.Kxg2 Rc7 17.f3 Qb8 18.Rc3 Rfc8 19.Rcd3 h6 20.b3 Qb7 21.a4 Ne8 22.Qb4 d6
23.Ng4 a6 24.Nf2 b5 25.axb5 axb5 26.Ne4 bxc4 27.Qxb7 Rxb7 28.bxc4 Rb2 29.Kf1 Rxc4
30.Nxd6 Rcc2 31.Nxe8 Rxe2 32.Nd6 Rxh2 33.Kg1 Rbg2+ 34.Kf1 Rxg3 35.Ne4 Rgg2
36.Rd8+ Kh7 37.R1d2 Rxd2 38.Nxd2 Kg6 39.Rd7 Rh4 40.Ne4 Rh5 41.Nd6 Rd5 42.Nxf7 Rf5
43.Nd8 Rxf3+ 44.Kg2 Re3 45.Re7 e5 46.Kf2 Re4 47.Kf3 Re1 48.Kf2 Rd1 49.Nc6 Kf6
50.Re8 Rd5 51.Rf8+ Ke6 52.Rg8 Kf7 53.Rc8 Kf6 54.Rf8+ Kg5 55.Rg8 Kf6 56.Rf8+ Ke6
57.Rg8 Rc5 58.Nxe5  1/2-1/2

[Event "WYCC Boys U16"]
[Site "Vung Tau City VIE"]
[Date "2008.10.24"]
[Round "6"]
[White "Chirita Mihaila,M"]
[Black "Muller,J"]
[Result "0-1"]
[WhiteElo "2091"]
[BlackElo "1998"]

1.c4 c5 2.g3 e6 3.Nf3 b6 4.Bg2 Bb7 5.O-O Nf6 6.Nc3 d6 7.d4 cxd4 8.Qxd4 a6
9.e4 Nbd7 10.Rd1 Qb8 11.b3 Be7 12.Ba3 Nc5 13.Bxc5 dxc5 14.Qd3 Qc7 15.Qe2 O-O
16.e5 Nd7 17.Re1 Rad8 18.Nh4 Bxh4 19.gxh4 Bxg2 20.Kxg2 Nb8 21.f4 Nc6 22.Ne4 Nd4
23.Qh5 Nf5 24.Re2 Qe7 25.Ng5 h6 26.Nf3 Rd3 27.Re4 g6 28.Qg4 Ne3+ 29.Rxe3 Rxe3
30.Kf2 Rd3 31.h5 Kh7 32.Rg1 Rg8 33.Qh3 Qd7 34.hxg6+ Rxg6 35.Rxg6 fxg6 36.Ng5+ Kg7
37.Nxe6+ Kf7 38.Ng5+ Ke7 39.Qxd7+ Kxd7 40.Ne4 Ke6 41.b4 cxb4 42.c5 Kd5 43.cxb6 Kxe4
44.b7 Rd8 45.e6 Kxf4 46.e7 Re8  0-1

[Event "Vasylyshyn Mem"]
[Site "Lviv UKR"]
[Date "2008.10.25"]
[Round "6"]
[White "Sulashvili,M"]
[Black "Nyzhnyk,I"]
[Result "1/2-1/2"]
[WhiteElo "2495"]
[BlackElo "2444"]

1.Nf3 Nf6 2.c4 e6 3.g3 b6 4.Bg2 Bb7 5.O-O c5 6.Nc3 Be7 7.b3 O-O 8.Bb2 d6
9.d4 cxd4 10.Qxd4 a6 11.Rad1 Nbd7 12.e4 Qc7 13.Ba3 Nc5 14.e5 dxe5 15.Qxe5 Rac8
16.Qxc7 Rxc7 17.Ne5 Bxg2 18.Kxg2 Rfc8 19.f4 g6 20.Rf3 Rb7 21.Bxc5 Bxc5 22.Rfd3 Be7
23.Kf3 b5 24.g4 h6 25.h4 bxc4 26.Nxc4 Rc5 27.g5 hxg5 28.hxg5 Nh5 29.Rd7 Rxd7
30.Rxd7 Kf8 31.Ne2 Rf5 32.Ne3 Ra5 33.a4 Rc5 34.b4 Rc8 35.Rb7 Ng7 36.Nd4 Ne8
37.Rb6 Rc3 38.Nc6 Bd6 39.Ne5 Rb3 40.Rxa6 Bxb4 41.Ra8 Bd6 42.Nc4 Bc5 43.Rc8 Ba7
44.Ke2 Ke7 45.Ng4 Rb4 46.a5 Nd6 47.Rc7+ Kd8 48.Rxa7 Rxc4 49.Ne5 Rxf4 50.Nc6+ Kc8
51.Ne7+ Kd8 52.Nc6+ Kc8 53.Ne7+ Kd8 54.Nc6+  1/2-1/2

[Event "WYCC Boys U16"]
[Site "Vung Tau City VIE"]
[Date "2008.10.26"]
[Round "7"]
[White "Bregadze,L"]
[Black "Durarbeyli,V"]
[Result "1/2-1/2"]
[WhiteElo "2387"]
[BlackElo "2434"]

1.Nf3 Nf6 2.g3 b6 3.Bg2 Bb7 4.O-O e6 5.c4 c5 6.Nc3 d6 7.d4 cxd4 8.Qxd4 Be7
9.Rd1 a6 10.b3 Nbd7 11.Ba3 Nc5 12.Ne1 Bxg2 13.Nxg2 O-O 14.Rac1 Qb8 15.Ne3 Rc8
16.Bxc5 Rxc5 17.a4 Qb7 18.Ng4  1/2-1/2

[Event "Open A"]
[Site "Le Touquet FRA"]
[Date "2008.10.28"]
[Round "4"]
[White "Housieaux,D"]
[Black "D'Costa,L"]
[Result "1/2-1/2"]
[WhiteElo "2425"]
[BlackElo "2411"]

1.Nf3 Nf6 2.c4 e6 3.g3 b6 4.Bg2 Bb7 5.O-O c5 6.Nc3 Be7 7.Re1 d5 8.cxd5 Nxd5
9.Nxd5 Bxd5 10.e4 Bb7 11.d4 cxd4 12.Nxd4 O-O 13.Be3 Nd7 14.f4 Nf6 15.e5 Nd5
16.Bf2 Bc5 17.a3 Qd7 18.Re2 Rac8 19.Rd2 Rc7 20.Qf1  1/2-1/2

[Event "Open A"]
[Site "Le Touquet FRA"]
[Date "2008.10.28"]
[Round "5"]
[White "Clery,N"]
[Black "Cappon,J"]
[Result "1-0"]
[WhiteElo "2349"]
[BlackElo "2222"]

1.Nf3 Nf6 2.c4 e6 3.g3 b6 4.Bg2 Bb7 5.O-O c5 6.Nc3 Be7 7.d4 cxd4 8.Qxd4 O-O
9.Rd1 Qc8 10.e4 d6 11.b3 Nbd7 12.Bb2 Rd8 13.Rac1 a6 14.Qe3 Ng4 15.Qe2 Nge5
16.Ne1 Ng6 17.Nc2 Qc7 18.Ne3 Rac8 19.f4 Qb8 20.Bf3 Qa8 21.Qg2 Nf6 22.a4 d5
23.exd5 Bc5 24.Re1 exd5 25.Kh1 Bxe3 26.Rxe3 Rc7 27.Rd3 Ne7 28.Rcd1 Rcd7 29.Ba3 Nf5
30.Nxd5 Nxd5 31.cxd5 Re8 32.d6 Bxf3 33.Qxf3 Re4 34.Kg1 b5 35.Rd5 Re3 36.Qg4 g6
37.Rxf5 Rxb3 38.Re5 f5 39.Qe2  1-0

[Event "8th Rohde Open"]
[Site "Sautron FRA"]
[Date "2008.10.31"]
[Round "8"]
[White "Monroy,C"]
[Black "Primel,D"]
[Result "1-0"]
[WhiteElo "2400"]
[BlackElo "1985"]

1.Nf3 Nf6 2.c4 e6 3.g3 b6 4.Bg2 Bb7 5.O-O c5 6.Nc3 Be7 7.Re1 Ne4 8.Qc2 Nxc3
9.dxc3 d6 10.e4 Nc6 11.Bf4 e5 12.Be3 O-O 13.Rad1 Qc7 14.Nd2 Rad8 15.f4 exf4
16.gxf4 Bh4 17.Rf1 Rfe8 18.Nf3 Bf6 19.Bf2 Na5 20.Nd2 Ba6 21.b3 b5 22.cxb5 Bxb5
23.c4 Ba6 24.Nb1 Nc6 25.Nc3 Bd4 26.Nd5 Bxf2+ 27.Qxf2 Qc8 28.Qh4 Bb7 29.Rd3 f5
30.Rg3 Kh8 31.Nf6 h6 32.Rg6  1-0